Mládežnícka lexika

Žargónové slová v systéme slovnej zásoby študentov ruských vysokých škôl, ktoré v bežnej komunikácii zohrávajú významnú úlohu.

Gespeichert in:
Bibliographische Detailangaben
1. Verfasser: Rechtoríková, Gabriela
Format: Buchkapitel
Sprache:Slowakisch
Schlagworte:
Tags: Tag hinzufügen
Keine Tags, Fügen Sie das erste Tag hinzu!

MARC

LEADER 00000naa a2200000 4500
001 0183319
005 20240502073133.0
041 0 |a slo 
044 |a SK 
245 1 0 |a Mládežnícka lexika  |c Gabriela Rechtoríková 
520 |a Žargónové slová v systéme slovnej zásoby študentov ruských vysokých škôl, ktoré v bežnej komunikácii zohrávajú významnú úlohu. 
610 2 0 |a mládež 
610 2 0 |a Rusko 
610 2 0 |a školy vysoké 
610 2 0 |a slovotvorba 
100 1 |a Rechtoríková, Gabriela